The story of India for children / (Record no. 13359)
[ view plain ]
| 000 -LEADER | |
|---|---|
| fixed length control field | 02865nam a22004457a 4500 |
| 005 - DATE AND TIME OF LATEST TRANSACTION | |
| control field | 20080716144519.0 |
| 008 - FIXED-LENGTH DATA ELEMENTS--GENERAL INFORMATION | |
| fixed length control field | 080606t xxu||||| |||| 00| 0 eng d |
| 010 ## - LIBRARY OF CONGRESS CONTROL NUMBER | |
| LC control number | B-266240-251 |
| 020 ## - INTERNATIONAL STANDARD BOOK NUMBER | |
| International Standard Book Number | 8179634590 |
| Terms of availability | 295.00 |
| 035 ## - SYSTEM CONTROL NUMBER | |
| System control number | B-266240-251 |
| 037 ## - SOURCE OF ACQUISITION | |
| Source of stock number/acquisition | Blue Berry /(4452) 8.5.08 / 5 / 8.4.08 / 5.6.08 |
| 040 ## - CATALOGING SOURCE | |
| Original cataloging agency | DPL |
| Language of cataloging | EN |
| 082 ## - DEWEY DECIMAL CLASSIFICATION NUMBER | |
| Classification number | 954 |
| 100 ## - MAIN ENTRY--PERSONAL NAME | |
| Personal name | Vas, Gratian |
| 245 ## - TITLE STATEMENT | |
| Title | The story of India for children / |
| Statement of responsibility, etc | by Gratian Vas; illustrated by Mrinal Mitra |
| 250 ## - EDITION STATEMENT | |
| Edition statement | rev. ed |
| 260 ## - PUBLICATION, DISTRIBUTION, ETC. (IMPRINT) | |
| Place of publication, distribution, etc | Mumbai |
| Name of publisher, distributor, etc | Shree Book Centre |
| Date of publication, distribution, etc | 2007 |
| 270 ## - ADDRESS | |
| Address | 8, Kakad Industrial Estate, S. Keer Marg, Matunga (W) |
| City | Mumbai |
| Postal code | 400016 |
| 300 ## - PHYSICAL DESCRIPTION | |
| Extent | 192p. |
| Other physical details | col. ill. |
| Dimensions | 24 cm (Hb) |
| 700 ## - ADDED ENTRY--PERSONAL NAME | |
| Personal name | Mitra, Mrinal |
| 700 ## - ADDED ENTRY--PERSONAL NAME | |
| Personal name | Sam, D.S. |
| 700 ## - ADDED ENTRY--PERSONAL NAME | |
| Personal name | Sam, D.S. |
| 700 ## - ADDED ENTRY--PERSONAL NAME | |
| Personal name | Sultan Ahmad |
| 700 ## - ADDED ENTRY--PERSONAL NAME | |
| Personal name | Sam, D.S. |
| 942 ## - ADDED ENTRY ELEMENTS (KOHA) | |
| Source of classification or shelving scheme | Dewey Decimal Classification |
| Koha item type | Children Books |
| Classification part | 954 |
| Call number suffix | VAS |
| Withdrawn status | Lost status | Damaged status | Not for loan | Collection code | Home library | Current library | Date acquired | Source of acquisition | Cost, normal purchase price | Total Checkouts | Full call number | Barcode | Date last seen | Copy number | Cost, replacement price | Price effective from | Koha item type | Total Renewals | Date checked out | Source of classification or shelving scheme |
|---|---|---|---|---|---|---|---|---|---|---|---|---|---|---|---|---|---|---|---|---|
| Non-fiction | Bagh Kadhe Khan | Bagh Kadhe Khan | 16/07/2008 | 295.00 | 1 | 954 / VAS | B-266248 | 28/08/2025 | 1 | 295.00 | 15/09/2008 | Children Books | 2 | 29/07/2025 | ||||||
| Non-fiction | Bawana | Bawana | 16/07/2008 | 295.00 | 2 | 954 / VAS | B-266246 | 12/02/2022 | 1 | 295.00 | 15/09/2008 | Children Books | 10/09/2021 | Dewey Decimal Classification | ||||||
| Non-fiction | Bawana | Bawana | 16/07/2008 | 295.00 | 954 / VAS | B-266250 | 15/09/2008 | 1 | 295.00 | 15/09/2008 | Children Books | |||||||||
| Non-fiction | Central Library | Central Library | 06/06/2008 | Blue Berry | 295.00 | 954 / VAS | B-266240 | 15/09/2008 | 1 | 295.00 | 15/09/2008 | Children Books | ||||||||
| Non-fiction | Kasturba Gandhi Marg | Kasturba Gandhi Marg | 16/07/2008 | 295.00 | 2 | 954 / VAS | B-266242 | 29/11/2019 | 1 | 295.00 | 15/09/2008 | Children Books | 2 | 15/11/2019 | ||||||
| Non-fiction | Narela | Narela | 16/07/2008 | 295.00 | 954 / VAS | B-266249 | 15/09/2008 | 1 | 295.00 | 15/09/2008 | Children Books | |||||||||
| Non-fiction | New Rohtak Road | New Rohtak Road | 16/07/2008 | 295.00 | 954 / VAS | B-266247 | 15/09/2008 | 1 | 295.00 | 15/09/2008 | Children Books | |||||||||
| Non-fiction | Patel Nagar | Patel Nagar | 16/07/2008 | 295.00 | 954 / VAS | B-266241 | 15/09/2008 | 1 | 295.00 | 15/09/2008 | Children Books | |||||||||
| Non-fiction | Peshwa Road | Peshwa Road | 16/07/2008 | 295.00 | 954 / VAS | B-266243 | 15/09/2008 | 1 | 295.00 | 15/09/2008 | Children Books | |||||||||
| Non-fiction | Sarojini Nagar | Sarojini Nagar | 16/07/2008 | 295.00 | 1 | 954 / VAS | B-266244 | 26/12/2018 | 1 | 295.00 | 15/09/2008 | Children Books | 19/12/2018 | |||||||
| Non-fiction | Sarojini Nagar | Sarojini Nagar | 16/07/2008 | 295.00 | 2 | 954 / VAS | B-266245 | 04/01/2020 | 1 | 295.00 | 15/09/2008 | Children Books | 2 | 07/12/2019 | Dewey Decimal Classification | |||||
| Non-fiction | Shahdara Branch | Shahdara Branch | 16/07/2008 | 295.00 | 954 / VAS | B-266251 | 15/09/2008 | 1 | 295.00 | 15/09/2008 | Children Books | |||||||||
| Non-fiction | Shahdara Branch | Shahdara Branch | 14/02/2019 | BPPD/PUB | 0.00 | 1 | 954 VAS | A-997001 | 01/03/2019 | 0.00 | 14/02/2019 | Children Books | 14/02/2019 | Dewey Decimal Classification | ||||||
| Non-fiction | Vinoba Puri | Vinoba Puri | 08/09/2008 | Blueberry/4571/19.8.08/192/21.7.08/19.8.08 | 250.00 | 21 | 954 VAS | B-284750 | 19/01/2017 | 1 | 250.00 | 15/09/2008 | Children Books | 1 | 13/10/2015 |
